| 000 | 01049 a2200241 4500 | ||
|---|---|---|---|
| 001 | 15183 | ||
| 005 | 20260407155449.0 | ||
| 008 | 260407a2000 arg spa d | ||
| 003 | AR-UNSa-BCEJYS | ||
| 040 |
_aAR-UNSa-BCEJYS _bspa _cAR-UNSa-BCEJYS |
||
| 080 |
_a339.16:004 _xTipos de comercio según determinados criterios (comercio electrónico) |
||
| 245 | 1 | 0 |
_aCiberestrategia _pseleccione su estrategia de negocios para internet, intranets y extranets |
| 020 | _a970-17-0396-0 | ||
| 264 | 1 |
_aMéxico : _bPearson Educación _c2000 |
|
| 300 |
_avii, 182 p. _c23 cm. |
||
| 505 | _a1. Introducción - 2. El modelo de Ciberestrategia - 3. Su estrategia de internet - 4. Su estrategia de extranet - 5. Su estrategia de intranet - 6. Conclusiones | ||
| 942 | _cBK | ||
| 590 | _aniveau_biblio:m niveau_hierar:0 | ||
| 100 | 1 | _aBickerton, Pauline | |
| 700 | 1 | _aBickerton, Matthew | |
| 700 | 1 | _aSimpson-Holley, Kate | |
| 856 | 4 | 1 |
_uhttps://biblioeco.unsa.edu.ar/pmb/images/libros/Ciberestrategia Bickerton, Pauline (2000).jpg _yImagen de portada _qimage/jpeg |
| 999 |
_c631 _d631 |
||